000 00575nam a22001817a 4500
005 20251108173051.0
008 250721s1997 xx 000 0 ara d
082 1 4 _a358.30956402/بكر
100 1 _aبكرى، محمود
245 1 0 _aالبرنامج النووى الإسرائيلى : الأسرار .. و المخاطر /
264 1 _aالقاهرة :
_bدار الحسام،
_c1997.
300 _a128 ص
650 1 7 _aالأسلحة النووية
650 1 7 _aاسرأئيل
650 1 7 _aالبلدان العربية
942 _2ddc
_cBK
999 _c95297
_d95297